Ten great mysteries. (Record no. 110388)
[ view plain ]
| 000 -LEADER | |
|---|---|
| fixed length control field | 00284nam a2200121 a 4500 |
| 001 - CONTROL NUMBER | |
| control field | 4143 |
| 005 - DATE AND TIME OF LATEST TRANSACTION | |
| control field | 20140414131855.0 |
| 008 - FIXED-LENGTH DATA ELEMENTS--GENERAL INFORMATION | |
| fixed length control field | 090223s19uu xx 00 eng d |
| 050 ## - LIBRARY OF CONGRESS CALL NUMBER | |
| Classification number | M 808.83 |
| Item number | Te25 1989 |
| 100 ## - MAIN ENTRY--PERSONAL NAME | |
| Personal name | Poe, Edgar Allan |
| 245 ## - TITLE STATEMENT | |
| Title | Ten great mysteries. |
| Withdrawn status | Lost status | Damaged status | Home library | Current library | Shelving location | Date acquired | Total Checkouts | Full call number | Barcode | Date last seen | Price effective from | Koha item type |
|---|---|---|---|---|---|---|---|---|---|---|---|---|
| Munich Library | Munich Library | Main Section | 02/23/2009 | M 808.83 Te25 1989 | M0781 | 04/14/2014 | 04/14/2014 | Books |